Municipios españoles más poblados que comienzan con V - Estadísticas

Estadísticas generales
  • Esta prueba ha sido intentada 492 veces
  • La puntuación promedio es 9 de 20
Estadísticas de respuestas
Población Municipio Comunidad % Correcto
804.121 València Com. Valenciana
100%
297.129 Valladolid Castilla y León
95%
294.910 Vigo Galicia
95%
255.423 Vitoria-Gasteiz País Vasco
91%
48.235 Vic Cataluña
60%
68.768 Vilanova i la Geltrú Cataluña
55%
81.619 Valdemoro Com. de Madrid
54%
86.364 Vélez-Málaga Andalucía
49%
51.839 Vila-real Com. Valenciana
44%
25.746 Villanueva de la Serena Extremadura
44%
37.721 Vilagarcía de Arousa Galicia
31%
30.380 Valdepeñas Castilla-La Mancha
29%
66.615 Viladecans Cataluña
28%
25.090 Villarrobledo Castilla-La Mancha
28%
28.714 Villaviciosa de Odón Com. de Madrid
28%
29.660 Vinaròs Com. Valenciana
26%
36.098 Villajoyosa Com. Valenciana
25%
34.170 Villena Com. Valenciana
24%
40.596 Vilafranca del Penedès Cataluña
17%
28.020 Vícar Andalucía
11%
No se encontraron pruebas coincidentes
Distribución de puntuación
Porcentaje de gente con cada puntuación
Porcentaje por número respondido
Historial de tus puntuaciones
No has intentado esta prueba.